[Event "EU Union-ch U12"]
[Site "Kouty nad Desnou"]
[Date "2023.08.24"]
[Round "9"]
[White "Wang, Simon"]
[Black "Polackova, Eva"]
[Result "1-0"]
[WhiteElo "1517"]
[BlackElo "1240"]
[PlyCount "41"]
[EventDate "2023.08.16"]
[EventType "swiss"]
[EventRounds "9"]
[EventCountry "CZE"]
[SourceTitle "EXT 2024"]
[Source "ChessBase"]
[SourceDate "2023.10.10"]
[SourceVersion "1"]
[SourceVersionDate "2023.10.10"]
[SourceQuality "1"]

1. c4 e5 2. Nc3 Bb4 3. g3 Bxc3 4. bxc3 Nc6 5. Bg2 f5 6. e3 Nf6 7. Ne2 0-0 8. d4 d6 9. 0-0 Qe8 10. Qb3 Kh8 11. a4 Qh5 12. Ra2 f4 13. exf4 Bh3 14. f3 b6 15. fxe5 dxe5 16. dxe5 Nxe5 17. Nf4 Nxf3+ 18. Rxf3 Qc5+ 19. Be3 Qc6 20. Nxh3 Rae8 21. Raf2 1-0

[Event "EU Union-ch U12"]
[Site "Kouty nad Desnou"]
[Date "2023.08.20"]
[Round "5"]
[White "Wang, Simon"]
[Black "Levchenko, Alisa"]
[Result "0-1"]
[WhiteElo "1517"]
[BlackElo "1151"]
[PlyCount "60"]
[EventDate "2023.08.16"]
[EventType "swiss"]
[EventRounds "9"]
[EventCountry "CZE"]
[SourceTitle "EXT 2024"]
[Source "ChessBase"]
[SourceDate "2023.10.10"]
[SourceVersion "1"]
[SourceVersionDate "2023.10.10"]
[SourceQuality "1"]

1. c4 e6 2. Nf3 d5 3. g3 c5 4. Bg2 Nf6 5. 0-0 Nc6 6. b3 Be7 7. Bb2 0-0 8. e3 d4 9. d3 e5 10. a3 Bg4 11. h3 Bxf3 12. Bxf3 Qd7 13. Bg2 Rad8 14. e4 b6 15. Qe2 Na5 16. Nd2 a6 17. Rab1 b5 18. Bc1 bxc4 19. Nxc4 Nxc4 20. bxc4 Rb8 21. Bb2 Bd8 22. Qc2 Ba5 23. Ba1 Qc6 24. Rxb8 Rxb8 25. Rb1 Rxb1+ 26. Qxb1 h6 27. Qb8+ Qe8 28. Qa7 Qc8 29. Bb2 Nd7 30. h4 Bb6 0-1

[Event "EU Union-ch U12"]
[Site "Kouty nad Desnou"]
[Date "2023.08.18"]
[Round "3"]
[White "Wang, Simon"]
[Black "Novotny, Adam1111"]
[Result "0-1"]
[WhiteElo "1517"]
[BlackElo "1117"]
[PlyCount "110"]
[EventDate "2023.08.16"]
[EventType "swiss"]
[EventRounds "9"]
[EventCountry "CZE"]
[SourceTitle "EXT 2024"]
[Source "ChessBase"]
[SourceDate "2023.10.10"]
[SourceVersion "1"]
[SourceVersionDate "2023.10.10"]
[SourceQuality "1"]

1. c4 e5 2. Nc3 Nf6 3. g3 Nc6 4. Bg2 Bb4 5. e3 Bxc3 6. bxc3 d5 7. cxd5 Nxd5 8. Ba3 Be6 9. Ne2 Nce7 10. 0-0 0-0 11. Qc2 c6 12. Rab1 Rb8 13. Rfd1 Bg4 14. f3 Be6 15. e4 Nb6 16. d3 Re8 17. c4 Ng6 18. Bc5 f5 19. Bh3 Qg5 20. Qd2 Qh5 21. Kg2 Rbd8 22. Qe3 Rd7 23. Nc3 Red8 24. a4 Rf7 25. Qf2 Re8 26. Bxb6 axb6 27. Rf1 Rd7 28. Rbd1 Qg5 29. Kh1 Red8 30. Qe2 Qh5 31. Bg2 f4 32. g4 Qg5 33. h3 Qh4 34. Rfe1 Qg3 35. Kg1 Nh4 36. Rf1 Rxd3 37. Rxd3 Rxd3 38. Nd1 Bxc4 39. Nb2 Re3 40. Qd2 Re2 41. Qd8+ Kf7 42. Qd7+ Kf6 43. Qd8+ Kg6 44. Qd6+ Kf7 45. Qd7+ Kf6 46. Qd8+ Ke6 47. Qe8+ Kd6 48. Qf8+ Kc7 49. Qe7+ Kb8 50. Qd8+ Ka7 51. Qxb6+ Kxb6 52. Nxc4+ Kc7 53. Ne3 fxe3 54. Rf2 Re1+ 55. Rf1 Qxg2# 0-1

[Event "St Veit op 42nd"]
[Site "St Veit"]
[Date "2023.07.10"]
[Round "4"]
[White "Wang, Simon"]
[Black "Lang, Karl"]
[Result "1/2-1/2"]
[WhiteElo "1407"]
[BlackElo "1980"]
[PlyCount "43"]
[EventDate "2023.07.08"]
[EventType "swiss"]
[EventRounds "9"]
[EventCountry "AUT"]
[SourceTitle "CBM 215 Extra"]
[Source "ChessBase"]
[SourceDate "2023.09.30"]
[SourceVersion "1"]
[SourceVersionDate "2023.09.30"]
[SourceQuality "1"]

1. c4 b6 2. Nc3 Bb7 3. e4 e6 4. g3 f5 5. Bg2 Nf6 6. d3 Bb4 7. Nge2 fxe4 8. 0-0 0-0 9. a3 Bxc3 10. Nxc3 d5 11. cxd5 exd5 12. dxe4 Nxe4 13. Nxe4 dxe4 14. Qxd8 Rxd8 15. Bf4 Na6 16. Rac1 c5 17. Rfe1 Re8 18. Re2 c4 19. Be3 Rac8 20. Rec2 Bd5 21. Bf1 b5 22. Bxa7 1/2-1/2

[Event "St Veit op 42nd"]
[Site "St Veit"]
[Date "2023.07.09"]
[Round "3"]
[White "Haertl, Siegfried"]
[Black "Wang, Simon"]
[Result "1/2-1/2"]
[WhiteElo "1855"]
[BlackElo "1407"]
[PlyCount "61"]
[EventDate "2023.07.08"]
[EventType "swiss"]
[EventRounds "9"]
[EventCountry "AUT"]
[SourceTitle "CBM 215 Extra"]
[Source "ChessBase"]
[SourceDate "2023.09.30"]
[SourceVersion "1"]
[SourceVersionDate "2023.09.30"]
[SourceQuality "1"]

1. d4 f5 2. Nf3 Nf6 3. c4 d6 4. Nc3 g6 5. e3 Bg7 6. Be2 0-0 7. 0-0 c6 8. Qc2 Nbd7 9. Ng5 Nb6 10. Rd1 h6 11. Nf3 Qe8 12. b3 e5 13. dxe5 dxe5 14. Ba3 Rf7 15. Bd6 e4 16. Ne5 Rf8 17. Bxf8 Kxf8 18. f4 exf3 19. Nxf3 Qxe3+ 20. Kf1 Ng4 21. Bd3 Bxc3 22. Rac1 Bd4 23. Re1 Nxh2+ 24. Nxh2 Qg1+ 25. Ke2 Qxh2 26. Kd1 Qh5+ 27. Be2 Qg5 28. Bf3 Be3 29. Qc3 Qd8+ 30. Kc2 f4 31. Qd2 1/2-1/2

[Event "GER-ch U25-B"]
[Site "Willingen"]
[Date "2023.05.31"]
[Round "5"]
[White "Sitnik, Arthur"]
[Black "Wang, Simon"]
[Result "1-0"]
[WhiteElo "1267"]
[BlackElo "1483"]
[PlyCount "49"]
[EventDate "2023.05.27"]
[EventType "swiss"]
[EventRounds "9"]
[EventCountry "GER"]
[SourceTitle "CBM 214 Extra"]
[Source "ChessBase"]
[SourceDate "2023.07.31"]
[SourceVersion "1"]
[SourceVersionDate "2023.07.31"]
[SourceQuality "1"]

1. e4 c6 2. d4 d5 3. exd5 cxd5 4. Nf3 Nf6 5. Bd3 Nc6 6. c3 g6 7. Nbd2 Bf5 8. Bxf5 gxf5 9. Ne5 e6 10. f4 Ne4 11. g3 Qc7 12. Qh5 Nxe5 13. fxe5 h6 14. Nxe4 fxe4 15. 0-0 Rh7 16. Bg5 Be7 17. Bxe7 Qxe7 18. Rf6 Qf8 19. Raf1 Ke7 20. c4 Rc8 21. cxd5 exd5 22. Qf5 Qg8 23. Rd6 Rc7 24. Qf6+ Kf8 25. Rd8# 1-0